banner koha

Efeito da desrama artificial na qualidade da madeira de clones de eucalipto em sistema agrossilvipastoril (Registro n. 171764)

MARC details
000 -LÍDER
campo de controle de tamanho fixo 00995nas a2200349 4500
001 - NÚMERO DE CONTROLE
campo de controle BR0204427
003 - IDENTIFICADOR DO NÚMERO DE CONTROLE
campo de controle BR-BrBNA
005 - DATA E HORÁRIO DA ÚLTIMA TRANSAÇÃO
campo de controle 20231205103227.0
007 - CAMPO FIXO DE DESCRIÇÃO FÍSICA--INFORMAÇÃO GERAL
campo de controle de tamanho fixo ta
008 - CAMPO DE DADOS FIXOS--INFORMAÇÃO GERAL
campo de controle de tamanho fixo 230509b bl.|||p| |||| 00| 00por d
040 ## - FONTE DA CATALOGAÇÃO
Instituição da catalogação original BR-BrBNA
Idioma da catalogação por
Instituição que transcreveu o registro Biblioteca Nacional de Agricultura
041 ## - CÓDIGO DE IDIOMA
Código do idioma do texto/trilha sonora ou título diferente (Pt)
072 ## - CÓDIGO DE CATEGORIA DE ASSUNTO
Código de Categoria de Assunto K10; F08
100 1# - ENTRADA PRINCIPAL--NOME PESSOAL
Nome pessoal Vale, R.S. do
100 1# - ENTRADA PRINCIPAL--NOME PESSOAL
Nome pessoal Macedo, R.L.G.
100 1# - ENTRADA PRINCIPAL--NOME PESSOAL
Nome pessoal Venturin, N.
100 1# - ENTRADA PRINCIPAL--NOME PESSOAL
Nome pessoal Mori, F.A.
100 1# - ENTRADA PRINCIPAL--NOME PESSOAL
Nome pessoal Morais, A.R. de
245 1# - TÍTULO
Título Efeito da desrama artificial na qualidade da madeira de clones de eucalipto em sistema agrossilvipastoril
650 ## - ASSUNTO--TERMO TÓPICO
Cabeçalho tópico ou nome geográfico EUCALIPTO
650 ## - ASSUNTO--TERMO TÓPICO
Cabeçalho tópico ou nome geográfico CLONE
650 ## - ASSUNTO--TERMO TÓPICO
Cabeçalho tópico ou nome geográfico MADEIRA SERRADA
650 ## - ASSUNTO--TERMO TÓPICO
Cabeçalho tópico ou nome geográfico AGROSSILVICULTURA
650 ## - ASSUNTO--TERMO TÓPICO
Cabeçalho tópico ou nome geográfico QUALIDADE
650 ## - ASSUNTO--TERMO TÓPICO
Cabeçalho tópico ou nome geográfico ARROZ
650 ## - ASSUNTO--TERMO TÓPICO
Cabeçalho tópico ou nome geográfico SOJA
650 ## - ASSUNTO--TERMO TÓPICO
Cabeçalho tópico ou nome geográfico PASTAGEM
650 ## - ASSUNTO--TERMO TÓPICO
Cabeçalho tópico ou nome geográfico MINAS GERAIS
773 0# - ENTRADA ANALÍTICA
Título Revista Árvore (Brazil)
ISSN - International Standard Serial Number ISSN 0100-6762
Partes relacionadas (May-Jun 2002), v. 26(3) p. 285-297
Número de controle do registro BR0204427
909 ## -
-- 202311
-- Lúcia
-- 55
-- Lúcia Elande
942 ## - ELEMENTOS DE ENTRADA ADICIONADOS (KOHA)
Fonte da classificação ou esquema de arquivamento na estante Classificação AGRIS
Ocultar no OPAC Não
Tipo de material Koha Analítica
Exemplares
Situação do descarte Fonte da classificação ou esquema de arquivamento na estante Situação física Não pode ser emprestado Biblioteca de origem Biblioteca atual Localização na estante Enumeração do periódico / cronologia Total de empréstimos Data de último acesso Número do exemplar Tipo de material Koha Fonte de aquisição
  Classificação AGRIS   Consulta local Biblioteca Nacional de Agricultura - Binagri Biblioteca Nacional de Agricultura - Binagri   (May-Jun 2002), v. 26(3) p. 285-297   29/11/2023 01 Periódicos Portaria Interministerial nº 164/94

BINAGRI

Telefone: (61)3218-2567/2388/3357/2097 - binagri@agro.gov.br

Ministério da Agricultura e Pecuária , Esplanada dos Ministérios, Bloco D, Anexo B, Brasília/DF, CEP: 70.043-900